Statistics for NFL football multiple choice #2

Click here to take the quiz!

General Stats

  • This quiz has been taken 69 times
  • The average score is 5 of 9

Answer Stats

QuestionAnswer% Correct
Which 2 teams went to the super bowl?Bengals, Rams
94%
Bengals lost by 2 points in the super bowl. True or False?False
82%
In week 13, who did the Lions beat?Vikings
61%
What was the record for the Jags?3-14-0
51%
Who was the starting kicker for the Panthers?Gonzalez
47%
In week 2, what was the final score in the game Falcons vs Bucs? (tricky)Falcons 25:48 Bucs
45%
In week 1, did the Seahawks win, lose or tie?Win
43%
How many weeks are there in the regular season?17
31%
In week 9, who did the Giants beat?Raiders
14%

Score Distribution

Percentile by Number Answered

Percent of People with Each Score

Your Score History

You have not taken this quiz